000 01218cpmaa2200289 4500
001 mm 82086504
003 DLC
005 20260227111717.0
008 820422|||||||||||| eng
010 _amm 82086504
040 _aDLC
_cDLC
_edacs
_dDLC
072 7 _aC
_2lcmd
100 1 _aDavidge, John B.
_q(John Beale),
_d1768-1829.
245 0 0 _aJohn B. Davidge and James Cocke account book,
_f1810-1821.
300 _a1
_fitem.
300 _a1
_foversize container.
300 _a0.3
_flinear feet.
506 0 _aOpen to research.
520 8 _aAccount book kept by John B. Davidge and James Cocke containing the prospectus and subscribers to the Baltimore Philosophical Journal Review. Includes case histories of patients, treatment, and cost of medicine.
545 0 _aSurgeons.
546 _aCollection material in English.
650 0 _aMedicine
_xPractice
_zMaryland
_zBaltimore.
630 0 0 _aBaltimore philosophical journal and review.
656 7 _aSurgeons.
_2itoamc
700 1 _aCocke, James,
_d1780-1813.
_tAccount book of John B. Davidge and James Cocke
_f(1810-1821)
999 _c43781
_d43781